[Event "SVK-chT1W 1011"]
[Site "Slovakia"]
[Date "2011.01.09"]
[Round "5.7"]
[White "Beres, Dominik"]
[Black "Marflak, Miroslav"]
[Result "1-0"]
[WhiteElo "2083"]
[BlackElo "2023"]
[PlyCount "65"]
[EventDate "2010.11.06"]
[EventType "team-tourn"]
[EventRounds "11"]
[EventCountry "SVK"]
[SourceTitle "EXT 2012"]
[Source "ChessBase"]
[SourceDate "2011.11.24"]
[SourceVersion "1"]
[SourceVersionDate "2011.11.24"]
[SourceQuality "1"]
[WhiteTeam "Tlmace"]
[BlackTeam "Nove Zamky"]
[WhiteTeamCountry "SVK"]
[BlackTeamCountry "SVK"]

1. e4 c5 2. Nf3 g6 3. d4 cxd4 4. Qxd4 Nf6 5. e5 Nc6 6. Qh4 Nxe5 7. Nbd2 Nxf3+ 8. Nxf3 Bg7 9. Be2 Qb6 10. 0-0 0-0 11. Bc4 d5 12. Bb3 Bd7 13. Be3 Qd8 14. Rad1 Bc6 15. Bd4 e6 16. Qh3 Ne4 17. Ne5 Qc7 18. f4 Bb5 19. Rfe1 Rae8 20. a4 Bc6 21. Qe3 a6 22. c3 Rc8 23. Bc2 f5 24. Bb6 Qb8 25. Bxe4 dxe4 26. Nd7 Bxd7 27. Rxd7 Rf7 28. Red1 Rxd7 29. Rxd7 Re8 30. g3 Rf8 31. Qd2 Qc8 32. Qd6 Qe8 33. Rxb7 1-0

[Event "SVK-chT2B 0809"]
[Site "Slovakia"]
[Date "2009.02.01"]
[Round "9.5"]
[White "Marflak, Miroslav"]
[Black "Blazek, Milos"]
[Result "1/2-1/2"]
[WhiteElo "2031"]
[BlackElo "2077"]
[PlyCount "22"]
[EventDate "2008.10.11"]
[EventType "team-tourn"]
[EventRounds "11"]
[EventCountry "SVK"]
[SourceTitle "EXT 2010"]
[Source "ChessBase"]
[SourceDate "2010.11.25"]
[SourceVersion "1"]
[SourceVersionDate "2010.11.25"]
[SourceQuality "1"]
[WhiteTeam "Nove Zamky Basta II"]
[BlackTeam "Trencin SK II"]
[WhiteTeamCountry "SVK"]
[BlackTeamCountry "SVK"]

1. e4 e5 2. Bc4 Nf6 3. d4 exd4 4. Nf3 Nc6 5. 0-0 Bc5 6. e5 d5 7. exf6 dxc4 8. Re1+ Be6 9. Ng5 Qd5 10. Nc3 Qf5 11. Nce4 0-0-0 1/2-1/2

[Event "SVK-chT2B 0809"]
[Site "Slovakia"]
[Date "2009.01.31"]
[Round "8.5"]
[White "Sajtlava, Igor"]
[Black "Marflak, Miroslav"]
[Result "0-1"]
[WhiteElo "1995"]
[BlackElo "2031"]
[PlyCount "90"]
[EventDate "2008.10.11"]
[EventType "team-tourn"]
[EventRounds "11"]
[EventCountry "SVK"]
[SourceTitle "EXT 2010"]
[Source "ChessBase"]
[SourceDate "2010.11.25"]
[SourceVersion "1"]
[SourceVersionDate "2010.11.25"]
[SourceQuality "1"]
[WhiteTeam "Belusa Hermes"]
[BlackTeam "Nove Zamky Basta II"]
[WhiteTeamCountry "SVK"]
[BlackTeamCountry "SVK"]

1. c4 e5 2. Nc3 Nf6 3. Nf3 Nc6 4. d4 exd4 5. Nxd4 Bc5 6. e3 0-0 7. Be2 d6 8. 0-0 Bd7 9. b3 Re8 10. Bb2 Ne5 11. Qc2 Qc8 12. Nd5 Nxd5 13. cxd5 Bg4 14. Qd1 Bf5 15. Nxf5 Qxf5 16. Bd4 Rad8 17. Rc1 Nd7 18. Bg4 Qg5 19. Bxd7 Rxd7 20. Bxc5 dxc5 21. Rxc5 b6 22. Rc1 Rxd5 23. Qf3 c5 24. Rcd1 Red8 25. Rxd5 Qxd5 26. Qxd5 Rxd5 27. f3 Kf8 28. e4 Rd4 29. Rf2 Ke7 30. Kf1 a5 31. Ke1 a4 32. Rd2 Rxd2 33. Kxd2 axb3 34. axb3 b5 35. f4 Kf6 36. g4 g5 37. e5+ Ke6 38. fxg5 Kxe5 39. Ke3 c4 40. bxc4 bxc4 41. h4 Kd5 42. h5 Kc5 43. g6 fxg6 44. hxg6 hxg6 45. g5 Kd5 0-1

[Event "SVK-chT2B 0809"]
[Site "Slovakia"]
[Date "2008.12.06"]
[Round "5.4"]
[White "Szaraz, Bela"]
[Black "Marflak, Miroslav"]
[Result "1-0"]
[WhiteElo "2083"]
[BlackElo "2031"]
[PlyCount "79"]
[EventDate "2008.10.11"]
[EventType "team-tourn"]
[EventRounds "11"]
[EventCountry "SVK"]
[SourceTitle "EXT 2010"]
[Source "ChessBase"]
[SourceDate "2010.11.25"]
[SourceVersion "1"]
[SourceVersionDate "2010.11.25"]
[SourceQuality "1"]
[WhiteTeam "Batorove Kosihy"]
[BlackTeam "Nove Zamky Basta II"]
[WhiteTeamCountry "SVK"]
[BlackTeamCountry "SVK"]

1. e4 e5 2. Nc3 Nf6 3. f4 d5 4. fxe5 Nxe4 5. Nf3 Be6 6. d4 Bb4 7. Bd2 Nxd2 8. Qxd2 c5 9. a3 cxd4 10. axb4 dxc3 11. Qxc3 0-0 12. Bd3 Qb6 13. Qd2 h6 14. 0-0-0 Nc6 15. c3 d4 16. Nxd4 Nxd4 17. cxd4 Ba2 18. Bc2 Rfc8 19. Qd3 Qxb4 20. Qh7+ Kf8 21. Rd2 Bb3 22. Qh8+ Ke7 23. Qxg7 Rc6 24. d5 Ra6 25. d6+ Kd7 26. Bf5+ Kc6 27. Qg3 Ra1+ 28. Bb1 Rc8 29. d7 Rc7 30. Qc3+ Qxc3+ 31. bxc3 Rxd7 32. Rxd7 Kxd7 33. Kb2 Ra5 34. Kxb3 Rxe5 35. Rd1+ Ke7 36. Rd2 Rb5+ 37. Kc2 a5 38. Ba2 Re5 39. Kd3 Rg5 40. Re2+ 1-0

[Event "SVK-chT2B 0708"]
[Site "Slovakia"]
[Date "2007.12.02"]
[Round "6.1"]
[White "Gyopos, Istvan"]
[Black "Marflak, Miroslav"]
[Result "0-1"]
[WhiteElo "2059"]
[BlackElo "1991"]
[PlyCount "72"]
[EventDate "2007.10.06"]
[EventType "team-tourn"]
[EventRounds "11"]
[EventCountry "SVK"]
[SourceTitle "EXT 2010"]
[Source "ChessBase"]
[SourceDate "2010.11.25"]
[SourceVersion "1"]
[SourceVersionDate "2010.11.25"]
[SourceQuality "1"]
[WhiteTeam "Batorove Kosihy"]
[BlackTeam "Nove Zamky Basta II"]
[WhiteTeamCountry "SVK"]
[BlackTeamCountry "SVK"]

1. e4 e5 2. Nf3 Nf6 3. Nc3 Bb4 4. d3 d6 5. Be2 Nc6 6. 0-0 h6 7. h3 0-0 8. Be3 Ne7 9. Qc1 Kh7 10. Nh2 Ng6 11. Nd1 Ba5 12. c3 c6 13. Qc2 d5 14. exd5 cxd5 15. Nf3 Bd7 16. Bc5 Re8 17. Ne3 Bc7 18. Rfe1 Rc8 19. Rac1 Bb8 20. d4 e4 21. Ne5 Nxe5 22. dxe5 Bxe5 23. Ba3 d4 24. Nc4 Bf4 25. Rcd1 d3 26. Bxd3 exd3 27. Qxd3+ Kg8 28. Ne3 Ba4 29. Qxd8 Rcxd8 30. Rxd8 Rxd8 31. g3 Bd6 32. Rb1 Bxa3 33. bxa3 Bc6 34. Nc4 Ne4 35. Rc1 Nxc3 36. Ne5 Ne2+ 0-1

[Event "SVK-chT2B 0607"]
[Site "Slovakia"]
[Date "2007.02.04"]
[Round "9.4"]
[White "Marflak, Miroslav"]
[Black "Pales, Dusan"]
[Result "1/2-1/2"]
[WhiteElo "2039"]
[BlackElo "1972"]
[PlyCount "34"]
[EventDate "2006.10.14"]
[EventType "team-tourn"]
[EventRounds "11"]
[EventCountry "SVK"]
[SourceTitle "EXT 2008"]
[Source "ChessBase"]
[SourceDate "2007.11.25"]
[SourceVersion "1"]
[SourceVersionDate "2007.11.25"]
[SourceQuality "1"]
[WhiteTeam "Nove Zamky II"]
[BlackTeam "Sala"]
[WhiteTeamCountry "SVK"]
[BlackTeamCountry "SVK"]

1. e4 c5 2. Nf3 d6 3. d4 cxd4 4. Nxd4 Nf6 5. Nc3 a6 6. Bg5 e6 7. Be2 Be7 8. 0-0 0-0 9. Kh1 Qc7 10. f4 Nbd7 11. Qe1 b5 12. a3 Bb7 13. Bf3 Rab8 14. Qg3 Kh8 15. Rad1 Rfe8 16. Rfe1 Bf8 17. Re2 Ba8 1/2-1/2

[Event "SVK-chT2B 0506"]
[Site "Slovakia"]
[Date "2006.01.15"]
[Round "7.1"]
[White "Packa, Ladislav"]
[Black "Marflak, Miroslav"]
[Result "0-1"]
[WhiteElo "2241"]
[BlackElo "2025"]
[PlyCount "90"]
[EventDate "2005.10.22"]
[EventType "team-tourn"]
[EventRounds "11"]
[EventCountry "SVK"]
[SourceTitle "EXT 2008"]
[Source "ChessBase"]
[SourceDate "2007.11.25"]
[SourceVersion "1"]
[SourceVersionDate "2007.11.25"]
[SourceQuality "1"]

1. e4 e5 2. Nf3 Nf6 3. d4 exd4 4. e5 Ne4 5. Qxd4 d5 6. exd6 Nxd6 7. Bg5 f6 8. Be3 Nc6 9. Qd2 Be6 10. Nd4 Qd7 11. Nxe6 Qxe6 12. Na3 0-0-0 13. Qe2 Nf5 14. Nc4 Nxe3 15. Nxe3 Nd4 16. Qc4 Nxc2+ 17. Qxc2 Bb4+ 18. Ke2 Rhe8 19. Kf3 f5 20. Bc4 Qc6+ 21. Kg3 f4+ 22. Kxf4 Rd4+ 23. Kg3 Qd6+ 24. Kf3 Qf4+ 25. Ke2 Rxc4 26. Qa4 Rce4 27. Qxa7 Rxe3+ 28. fxe3 Qc4+ 29. Kf2 Rf8+ 30. Kg1 Bc5 31. Qa8+ Kd7 32. Qxf8 Bxf8 33. h4 Qe2 34. Rh3 Bc5 35. Rf3 Bxe3+ 36. Kh1 Bh6 37. b3 b6 38. a4 Qe4 39. Rh3 Bf4 40. h5 g6 41. hxg6 hxg6 42. Rd1+ Kc6 43. Rhd3 g5 44. Rd4 Qh7+ 45. Kg1 Be3+ 0-1

[Event "SVK-chT 0506"]
[Site "Slovakia"]
[Date "2005.12.11"]
[Round "6"]
[White "Federic, Jozef"]
[Black "Marflak, Miroslav"]
[Result "1-0"]
[WhiteElo "2077"]
[BlackElo "2025"]
[PlyCount "115"]
[EventDate "2005.10.08"]
[EventType "team-tourn"]
[EventRounds "11"]
[EventCountry "SVK"]
[SourceTitle "EXT 2019"]
[Source "ChessBase"]
[SourceDate "2018.10.10"]
[SourceVersion "1"]
[SourceVersionDate "2018.10.10"]
[SourceQuality "1"]
[WhiteTeam "Modra"]
[BlackTeam "Nove Zamky Basta"]
[WhiteTeamCountry "SVK"]
[BlackTeamCountry "SVK"]

1. d4 Nf6 2. c4 e5 3. dxe5 Ng4 4. Nf3 Bc5 5. e3 Nc6 6. Be2 Ngxe5 7. Nbd2 d6 8. 0-0 0-0 9. Nxe5 Nxe5 10. Nf3 Bg4 11. Nxe5 Bxe2 12. Qxe2 dxe5 13. Rd1 Qe7 14. Bd2 Rad8 15. Bc3 c6 16. Rac1 f6 17. Rc2 Rxd1+ 18. Qxd1 Rd8 19. Rd2 Rxd2 20. Qxd2 Qd6 21. Qxd6 Bxd6 22. e4 h5 23. Kf1 b5 24. cxb5 cxb5 25. Ke2 Kf7 26. Bd2 Ke6 27. Be3 a6 28. f3 f5 29. Kd3 Be7 30. h3 f4 31. Bf2 h4 32. Kc3 Kd7 33. Kb3 Kc6 34. Be1 g5 35. Bc3 Bd6 36. Ba5 Be7 37. a4 Bf6 38. Bb4 Kb6 39. Bf8 a5 40. axb5 Kxb5 41. Kc3 a4 42. Kd3 Bd8 43. Bg7 Kb4 44. Bxe5 Be7 45. Kc2 Kc4 46. Bg7 Bb4 47. Bf6 a3 48. bxa3 Bxa3 49. Bxg5 Bd6 50. Bxh4 Be5 51. Kd2 Kd4 52. Ke2 Kc3 53. Be7 Kc2 54. h4 Kc3 55. h5 Bg7 56. Bg5 Be5 57. h6 Kd4 58. Be7 1-0

[Event "SVK-chT1W 0405"]
[Site "Slovakia"]
[Date "2004.??.??"]
[Round "2"]
[White "Belak, Stefan"]
[Black "Marflak, Miroslav"]
[Result "1-0"]
[WhiteElo "1920"]
[BlackElo "1960"]
[PlyCount "135"]
[EventDate "2004.10.??"]
[EventType "team"]
[EventRounds "11"]
[EventCountry "SVK"]
[SourceTitle "EXT 2006"]
[Source "ChessBase"]
[SourceDate "2005.11.24"]
[SourceVersion "1"]
[SourceVersionDate "2005.11.24"]
[SourceQuality "1"]

1. c4 Nf6 2. Nc3 e5 3. g3 c6 4. Nf3 d6 5. Bg2 Be7 6. 0-0 0-0 7. d4 Qc7 8. Qc2 Be6 9. b3 Nbd7 10. Bb2 h6 11. Rac1 Rac8 12. e4 Bg4 13. Ne2 Bxf3 14. Bxf3 Rfe8 15. Bg2 Bf8 16. h3 Qa5 17. Bc3 Qb6 18. Kh2 Qd8 19. Rce1 Nh5 20. dxe5 dxe5 21. Rd1 Qc7 22. Rd2 Bc5 23. b4 Be7 24. Rfd1 Rcd8 25. Ng1 Nf8 26. Rxd8 Rxd8 27. Rxd8 Bxd8 28. Nf3 Ng6 29. Qb2 Bf6 30. Nd2 Qd6 31. Qc2 Nf8 32. Bf3 g6 33. Bxh5 gxh5 34. c5 Qd7 35. Nc4 h4 36. Kg2 Qe6 37. Nd6 b6 38. Qd2 Bg5 39. Qc2 hxg3 40. fxg3 Be3 41. Nf5 Bg5 42. cxb6 axb6 43. h4 Bd8 44. Qd2 Bc7 45. Nxh6+ Kh7 46. Nf5 b5 47. Qg5 Qg6 48. Qxg6+ Nxg6 49. h5 Nf8 50. Ne7 Ne6 51. Nxc6 Ng5 52. Bxe5 Bxe5 53. Nxe5 Kg7 54. Nc6 Nxe4 55. Nd4 Nd6 56. Kf3 f6 57. g4 Kh7 58. Kf4 Kh8 59. Nf5 Nf7 60. Ke4 Ng5+ 61. Kd5 Nf3 62. Kc5 Ne5 63. Ne3 Kg7 64. Kxb5 Kh6 65. a4 Kg5 66. a5 Kf4 67. Nd5+ Kg5 68. a6 1-0

[Event "SVK-chT1W 0405"]
[Site "Slovakia"]
[Date "2004.??.??"]
[Round "3"]
[White "Marflak, Miroslav"]
[Black "Halasz, Stefan"]
[Result "1-0"]
[WhiteElo "1960"]
[BlackElo "2049"]
[PlyCount "85"]
[EventDate "2004.10.??"]
[EventType "team"]
[EventRounds "11"]
[EventCountry "SVK"]
[SourceTitle "EXT 2006"]
[Source "ChessBase"]
[SourceDate "2005.11.24"]
[SourceVersion "1"]
[SourceVersionDate "2005.11.24"]
[SourceQuality "1"]

1. e4 e6 2. d4 d5 3. e5 c5 4. c3 Nc6 5. Nf3 Qb6 6. Be2 cxd4 7. cxd4 Bb4+ 8. Nc3 f6 9. 0-0 fxe5 10. dxe5 Nge7 11. Bd3 h6 12. Be3 Qd8 13. Nb5 a6 14. Nbd4 Nxd4 15. Nxd4 0-0 16. Qg4 Kh8 17. Nxe6 Bxe6 18. Qxb4 d4 19. Bd2 b5 20. f4 Nf5 21. Bxf5 Bxf5 22. Rac1 Rc8 23. Qa3 Rxc1 24. Rxc1 Bc8 25. Ba5 Qe8 26. Qc5 d3 27. Bb4 Rg8 28. Qd6 Qd8 29. Rc6 Qxd6 30. Rxd6 Bf5 31. g4 Bxg4 32. Rxd3 Ra8 33. a3 a5 34. Bc3 a4 35. Rd6 Re8 36. Kf2 Be6 37. h4 g6 38. Rb6 Kg8 39. Rxb5 Re7 40. Rb8+ Kh7 41. Ra8 Bb3 42. e6 g5 43. f5 1-0

[Event "SVK-chT1W 0102"]
[Site "Slovakia"]
[Date "2002.??.??"]
[Round "10"]
[White "Heinrich, Jan"]
[Black "Marflak, Miroslav"]
[Result "1-0"]
[WhiteElo "2110"]
[BlackElo "1945"]
[PlyCount "77"]
[EventDate "2001.10.??"]
[EventType "team"]
[EventRounds "11"]
[EventCountry "SVK"]
[SourceTitle "EXT 2009"]
[Source "ChessBase"]
[SourceDate "2008.11.26"]
[SourceVersion "1"]
[SourceVersionDate "2008.11.26"]
[SourceQuality "1"]

1. d4 Nf6 2. Nf3 e6 3. g3 d5 4. c4 Be7 5. Bg2 0-0 6. Qc2 c6 7. 0-0 Nbd7 8. Nbd2 Re8 9. b3 Bd6 10. Bb2 e5 11. dxe5 Nxe5 12. Rad1 Ng6 13. e3 Bg4 14. h3 Bd7 15. cxd5 cxd5 16. Qb1 Bc6 17. Nd4 Rc8 18. Nf5 Bb8 19. Rc1 Ne5 20. Rfd1 g6 21. Nd4 Bd7 22. f4 Nc6 23. Nxc6 bxc6 24. Qa1 Nh5 25. Nf1 f5 26. Bf3 Qe7 27. Kg2 Ng7 28. b4 a6 29. a4 Ne6 30. b5 axb5 31. axb5 Qb4 32. bxc6 Bxc6 33. Bc3 Qb7 34. Qb2 Qd7 35. Bd4 Bb5 36. Nd2 Bc4 37. Nxc4 dxc4 38. Bh8 Qa4 39. Bd5 1-0